000 02209nam0a2200337 4500
001 RU\NLR\BIBL_A\022600328
005 20260420052002.0
010 _a978-5-00261-299-4
_9500
021 _aRU
_bКН-П-25-036520
_9КН-П-25-3586
035 _a(NLR Aleph) 022600328
090 _a13681372
_c13681372
100 _a20250813d2025 k y0rusy50 ca
101 0 _arus
102 _aRU
105 _aa z 000yy
181 0 _ai3
_baxxe
182 0 _an
200 1 _aФормирование технологического суверенитета российской экономики: технологические инновации, импортозамещение и импортоопережение как стратегические приоритеты государственной политики
_eмонография
_fЛ. А. Выборнова, О. Н. Наумова, Н. А. Николаева [и др.]
_gМинистерство науки и высшего образования Российской Федерации, Федеральное государственное бюджетное образовательное учреждение высшего образования "Поволжский государственный университет сервиса"
203 _aТекст
_bвизуальный
_cнепосредственный
210 _aКурск
_cУниверситетская книга
_d2025
215 _a265 с.
_cил., табл.
_d21
320 _aБиблиогр.: с. 245-265 (178 назв.)
606 1 _aСуверенитет экономический
_yРоссийская Федерация
_92404372
_3RU\NLR\AUTH\661433007
686 1 _aУ58
701 1 _aВыборнова
_bЛ. А.
_gЛюбовь Алексеевна
701 1 _7ca
_8rus
_aНаумова
_bО. Н.
_cд-р экон. наук
_f1966-
_gОльга Николаевна
_9177161
_3RU\NLR\AUTH\770177212
701 1 _aНиколаева
_bН. А.
_cканд. экон. наук
_gНадежда Александровна
_9144999
_3RU\NLR\AUTH\770145035
942 _cBOOK
980 _aNB